000
00324 a2200109 4500
001
ART_41785
005
20260410161814.0
008
260409a
245
1
0
_a
Reflexoes sobre a educaçao jurídica
100
1
_a
Ancona de Faria, Adriana
773
0
_t
Academia
_g
- Año 12, Nº 24 (jul./dic. 2014)
_w
REV4314
999
_c
21704
_d
21704